Johannes-Evangelium
Gespeichert in:
| 1. Verfasser: | |
|---|---|
| Format: | Buch |
| Sprache: | Deutsch |
| Veröffentlicht: |
Stuttgart
Katholisches Bibelwerk
1988
|
| Ausgabe: | 1a. ed |
| Schriftenreihe: | Stuttgarter Kleiner Kommentar Neues Testament, 4
|
| Schlagworte: | |
| Tags: |
Tag hinzufügen
Keine Tags, Fügen Sie den ersten Tag hinzu!
|
MARC
| LEADER | 00000cam a2200000 a 4500 | ||
|---|---|---|---|
| 001 | UCE8098 | ||
| 003 | CL-VaPUC | ||
| 008 | 150728e19880000gw |||||||||||||||||ger|d | ||
| 020 | |a 3460153415 | ||
| 082 | 0 | 4 | |a 226.5 |b POR |2 21 |
| 100 | 0 | |a Porsch, Felix |e author |9 580817 | |
| 245 | 1 | 0 | |a Johannes-Evangelium |
| 250 | |a 1a. ed | ||
| 300 | |a 231 p | ||
| 942 | |c BK | ||
| 945 | |d 20150728 02:04:00 |a dcastane | ||
| 260 | |a Stuttgart |b Katholisches Bibelwerk |c 1988 | ||
| 650 | 0 | |a Biblia |9 257603 | |
| 650 | 0 | |a Nuevo testamento |9 257604 | |
| 650 | 0 | |a Evangelio de San Juan |9 536353 | |
| 583 | |a last modification |c 20150728 02:04:00 |k Rodrigo Vera | ||
| 490 | 0 | |a Stuttgarter Kleiner Kommentar Neues Testament, 4 | |
| 999 | |c 360048 |d 360046 | ||
| 952 | |0 0 |1 0 |3 erb |4 0 |6 226_500000000000000_POR_1988 |7 0 |8 A |9 469674 |a BIBTEO |b BIBTEO |e Casale Rolle, Carlos Ignacio, -2014 |i 5184762 |o 226.5 POR 1988 |p 5184762 |r 2025-01-17 |w 2019-11-23 |y BK |z Catalogado en:20150728 |k ICR | ||